| 000 | 00498nam a2200181Ia 4500 | ||
|---|---|---|---|
| 999 |
_c28284 _d28284 |
||
| 003 | OSt | ||
| 005 | 20201202110202.0 | ||
| 008 | 190216s9999||||xx |||||||||||||| ||und|| | ||
| 020 | _a8171805442 | ||
| 040 | _coclc | ||
| 082 |
_a894.8123 _bGOP/S |
||
| 100 |
_aGopi, Kaladi _97122 |
||
| 245 | 0 |
_aSoorya Vamsam / _cKaladi Gopi |
|
| 260 |
_bPoorna Publications, _c1996. _a Kozhikode: |
||
| 300 | _a367p | ||
| 650 | _aNovel | ||
| 942 |
_cBK _2ddc _h894.8123 _iGOP/S _k894.8123 _mGOP/S |
||